000 01184cad a22002295a 4500
001 L157074
008 120829s2012 xxk f 000 0 eng d
020 _a9781842198117
035 _a(Sirsi) u157074
041 0 _aeng
100 1 _aBianconi, Marco
245 0 0 _aLocal empowerment and strategic co-ordination
_ba review of changing practices in infrastructure planning at the sub-regional level in England
_h[electronic resource]
260 _aLondon
_bRICS
_c2012
490 0 _aRICS Research
520 _aLooks at the transitional arrangements for Local Enterprise Partnerships (LEPs) and sub-regional and regional planning in relation to the delivery of enabling infrastructure associated with housing growth during the first half of 2011. Asks whether LEPs are receiving adequate support from central government and local authorities, and obtaining the necessary buy-in from local business leaders.
651 4 _aEngland and Wales
_y1543-
690 _aPlanning and development
_96259
700 1 _aHamiduddin, Iqbal
700 1 _aGallent, Nick
856 4 0 _uhttps://www.rics.org/Global/RICS_LESCO_Report.pdf
_zView the item free of charge at www.rics.org
942 _n0
999 _c114575
_d114575